| 000 | 00401 a2200097 4500 | ||
|---|---|---|---|
| 999 |
_c18897 _d18897 |
||
| 003 | WA 310 | ||
| 005 | 20180131143558.0 | ||
| 008 | 180131s1974 pl f u |00| 0 pol d | ||
| 040 |
_aWA 310/bw _cWA 310/bw |
||
| 245 | 0 | 0 |
_aPomiary wysokonapięciowe. Próby zabrudzeniowe izolacji - napowietrznej PN-74/E-04068 / _cInstytut Elektroniki. Zakład Wysokich Napięć. |
| 246 | 1 | 3 | _aPN-74/E-04068 |
| 246 | 1 | 3 | _a621.316.027.3;621.391. |
| 260 |
_aWarszawa : _bInstytut Elektroniki, _c1974. |
||
| 300 |
_a10 stron ; _c30 cm. |
||
| 650 | _aPolska norma | ||
| 942 |
_2ddc _cBK |
||